[Event "Frankfurt-chB"]
[Site "Frankfurt"]
[Date "2013.05.06"]
[Round "2"]
[White "Paulicks, Frank"]
[Black "Duemmler, Rolf"]
[Result "1/2-1/2"]
[WhiteElo "1161"]
[BlackElo "1295"]
[PlyCount "46"]
[EventDate "2013.04.29"]
[EventType "swiss"]
[EventRounds "7"]
[EventCountry "GER"]
[SourceTitle "EXT 2014"]
[Source "ChessBase"]
[SourceDate "2013.11.20"]
[SourceVersion "1"]
[SourceVersionDate "2013.11.20"]
[SourceQuality "1"]

1. d4 d5 2. Bf4 e6 3. e3 Nf6 4. Nd2 c5 5. c3 Nc6 6. Bd3 c4 7. Bc2 b5 8. a3 Be7 9. Ngf3 0-0 10. Ne5 Bb7 11. 0-0 Bd6 12. Qf3 h6 13. h3 Qc7 14. Nxc6 Bxc6 15. Bxd6 Qxd6 16. Qg3 Qxg3 17. fxg3 Ne4 18. Nxe4 dxe4 19. g4 f5 20. gxf5 exf5 21. g3 Rf6 22. Rf2 Raf8 23. Raf1 g6 1/2-1/2

[Event "Frankfurt-chB"]
[Site "Frankfurt"]
[Date "2012.06.18"]
[Round "7"]
[White "Lessmann, Sven"]
[Black "Paulicks, Frank"]
[Result "1-0"]
[WhiteElo "1320"]
[BlackElo "1107"]
[PlyCount "63"]
[EventDate "2012.04.30"]
[EventType "swiss"]
[EventRounds "7"]
[EventCountry "GER"]
[SourceTitle "EXT 2013"]
[Source "ChessBase"]
[SourceDate "2012.11.22"]
[SourceVersion "1"]
[SourceVersionDate "2012.11.22"]
[SourceQuality "1"]

1. d4 c5 2. Nf3 Nc6 3. d5 Na5 4. e4 b6 5. Nc3 g6 6. Bf4 d6 7. Be2 Bd7 8. 0-0 Bg7 9. Rb1 a6 10. a3 b5 11. Na2 Nc4 12. Bxc4 bxc4 13. Re1 Nh6 14. e5 dxe5 15. Bxe5 f6 16. Bd6 Nf5 17. Bxc5 0-0 18. Nc3 Rc8 19. Ne4 Qc7 20. d6 Qd8 21. dxe7 Nxe7 22. Bxe7 Qxe7 23. Nd6 Qd8 24. Nxc8 Qxc8 25. Re7 Rd8 26. Qd5+ Kh8 27. Qf7 Rg8 28. Rxd7 Qb8 29. Nd4 c3 30. b3 a5 31. Ne6 a4 32. b4 1-0

[Event "Frankfurt-chB"]
[Site "Frankfurt"]
[Date "2012.05.21"]
[Round "4"]
[White "Peschk, Kathrin"]
[Black "Paulicks, Frank"]
[Result "0-1"]
[WhiteElo "905"]
[BlackElo "1107"]
[PlyCount "121"]
[EventDate "2012.04.30"]
[EventType "swiss"]
[EventRounds "7"]
[EventCountry "GER"]
[SourceTitle "EXT 2013"]
[Source "ChessBase"]
[SourceDate "2012.11.22"]
[SourceVersion "1"]
[SourceVersionDate "2012.11.22"]
[SourceQuality "1"]

1. e4 c5 2. f4 Nc6 3. Nc3 g6 4. Nf3 Bg7 5. Bc4 e6 6. 0-0 Nge7 7. d3 Na5 8. Bb3 Nxb3 9. axb3 0-0 10. Bd2 d5 11. Ra2 a6 12. Ne2 Nc6 13. c3 dxe4 14. dxe4 a5 15. b4 cxb4 16. cxb4 Qb6+ 17. Kh1 Nxb4 18. Qb3 Bd7 19. Rfa1 Qf2 20. Bxb4 axb4 21. Rxa8 Qxe2 22. Rxf8+ Bxf8 23. Ra8 Kg7 24. Ra1 Qxe4 25. Qd1 Bb5 26. Qd8 Bc5 27. Re1 Qc2 28. Qc7 b6 29. Ng5 Qf5 30. Nxe6+ Kh6 31. Nxc5 bxc5 32. h3 Qc2 33. Qe7 Kg7 34. Re6 Qxb2 35. Rb6 Bf1 36. Qg5 b3 37. Rxb3 Qxb3 38. Qe5+ Kg8 39. Qe8+ Kg7 40. Qe5+ Kg8 41. Qe8+ Kg7 42. Qe5+ f6 43. Qe7+ Qf7 44. Qxc5 Qb7 45. Qf2 Qb1 46. Kh2 Qa1 47. f5 Bd3 48. fxg6 hxg6 49. Qe3 Qa3 50. h4 Qd6+ 51. Kg1 Qa6 52. Qe7+ Kh6 53. Qf8+ Kh5 54. Qc5+ Bf5 55. g4+ Kxg4 56. Qd4+ Kh5 57. Qd1+ Bg4 58. Qd5+ f5 59. Kh2 Qa3 60. Qg2 Kxh4 61. Qf2+ 0-1

[Event "Frankfurt-chB"]
[Site "Frankfurt"]
[Date "2012.05.14"]
[Round "3"]
[White "Paulicks, Frank"]
[Black "Lopez, Victor"]
[Result "0-1"]
[WhiteElo "1107"]
[BlackElo "1778"]
[PlyCount "100"]
[EventDate "2012.04.30"]
[EventType "swiss"]
[EventRounds "7"]
[EventCountry "GER"]
[SourceTitle "EXT 2013"]
[Source "ChessBase"]
[SourceDate "2012.11.22"]
[SourceVersion "1"]
[SourceVersionDate "2012.11.22"]
[SourceQuality "1"]

1. d4 d5 2. Bf4 Nf6 3. e3 e6 4. Nd2 c5 5. c3 Be7 6. Bd3 Nc6 7. Ngf3 Nh5 8. Bg3 Nxg3 9. hxg3 h6 10. Nh4 Bxh4 11. Rxh4 c4 12. Bc2 Ne7 13. f4 Nf5 14. Bxf5 exf5 15. Nf3 f6 16. Qe2 Be6 17. 0-0-0 Qa5 18. Kb1 0-0-0 19. Ne1 Rd6 20. a3 Bd7 21. Nc2 Ba4 22. Re1 Bxc2+ 23. Qxc2 Re6 24. Qxf5 Rhe8 25. Re2 Kb8 26. Qc2 Rxe3 27. Rxe3 Rxe3 28. Qf2 Re7 29. Rh1 Qd8 30. Re1 f5 31. Rxe7 Qxe7 32. Kc2 Qe4+ 33. Kc1 Kc7 34. Qc2 Qe1+ 35. Qd1 Qxg3 36. Qf3 Qxf3 37. gxf3 b5 38. Kd1 Kd7 39. Ke2 g5 40. fxg5 hxg5 41. Kf2 Kc6 42. Kg3 Kb6 43. f4 g4 44. Kh4 Ka5 45. Kg5 g3 46. Kxf5 g2 47. Ke6 g1Q 48. f5 Qg8+ 49. Ke5 Qf7 50. f6 Ka4 0-1

[Event "Frankfurt-chB"]
[Site "Frankfurt"]
[Date "2012.05.07"]
[Round "2"]
[White "Duemmler, Rolf"]
[Black "Paulicks, Frank"]
[Result "0-1"]
[WhiteElo "1438"]
[BlackElo "1107"]
[PlyCount "94"]
[EventDate "2012.04.30"]
[EventType "swiss"]
[EventRounds "7"]
[EventCountry "GER"]
[SourceTitle "EXT 2013"]
[Source "ChessBase"]
[SourceDate "2012.11.22"]
[SourceVersion "1"]
[SourceVersionDate "2012.11.22"]
[SourceQuality "1"]

1. c4 c5 2. Nc3 Nc6 3. Nf3 g6 4. d4 cxd4 5. Nxd4 Bg7 6. e3 Nf6 7. Be2 0-0 8. 0-0 a6 9. Bf3 e5 10. Nde2 Re8 11. e4 h6 12. Be3 d6 13. Nd5 Nd7 14. Qd2 Kh7 15. Rac1 Rb8 16. c5 dxc5 17. Bxc5 Nxc5 18. Rxc5 Be6 19. a3 Bf8 20. Rc2 Ne7 21. Nf6+ Kg7 22. Nxe8+ Qxe8 23. Rd1 Bb3 24. Rdc1 Bxc2 25. Qxc2 Rc8 26. Qd2 Rxc1+ 27. Qxc1 Nc6 28. Nc3 Bc5 29. Nd5 b6 30. h4 h5 31. Qg5 Be7 32. Qg3 Kf8 33. Nxb6 Qd8 34. Nd5 Bxh4 35. Qh3 Nd4 36. Bd1 Be7 37. Ba4 Kg7 38. Qd3 Qa5 39. Qd1 Bf8 40. f4 Bd6 41. b4 Qd8 42. Qf1 exf4 43. Qxa6 f3 44. Qb6 Qg5 45. Qxd4+ Be5 46. Qf2 Qc1+ 47. Qf1 Bd4+ 0-1

[Event "Frankfurt-ch"]
[Site "Frankfurt"]
[Date "2010.06.14"]
[Round "7"]
[White "Paulicks, Frank"]
[Black "Frank, Dieter"]
[Result "0-1"]
[WhiteElo "1088"]
[BlackElo "2144"]
[PlyCount "46"]
[EventDate "2010.04.26"]
[EventType "swiss"]
[EventRounds "7"]
[EventCountry "GER"]
[SourceTitle "EXT 2011"]
[Source "ChessBase"]
[SourceDate "2010.11.26"]
[SourceVersion "1"]
[SourceVersionDate "2010.11.26"]
[SourceQuality "1"]

1. d4 e5 2. dxe5 Nc6 3. Nf3 Qe7 4. e3 Nxe5 5. Nc3 c6 6. Be2 d5 7. 0-0 Nf6 8. Nxe5 Qxe5 9. f4 Qc7 10. h3 Bc5 11. Na4 Bd6 12. c3 b5 13. e4 Nxe4 14. Bf3 bxa4 15. Qxa4 Bf5 16. c4 0-0 17. Be2 Ng3 18. Re1 Rfe8 19. Qd1 Bxf4 20. cxd5 Qb6+ 21. Kh2 Nxe2+ 22. g3 Bxg3+ 23. Kg2 Be4+ 0-1

[Event "Frankfurt-ch"]
[Site "Frankfurt"]
[Date "2010.05.03"]
[Round "2"]
[White "Paulicks, Frank"]
[Black "Larem, Peter"]
[Result "0-1"]
[WhiteElo "1088"]
[BlackElo "1921"]
[PlyCount "56"]
[EventDate "2010.04.26"]
[EventType "swiss"]
[EventRounds "7"]
[EventCountry "GER"]
[SourceTitle "EXT 2011"]
[Source "ChessBase"]
[SourceDate "2010.11.26"]
[SourceVersion "1"]
[SourceVersionDate "2010.11.26"]
[SourceQuality "1"]

1. d4 Nf6 2. Bf4 g6 3. e3 Bg7 4. Nd2 0-0 5. Ngf3 d6 6. h3 Nbd7 7. Bh2 Re8 8. Be2 e5 9. dxe5 dxe5 10. Nc4 e4 11. Nfe5 Qe7 12. Ng4 Nc5 13. Nge5 Be6 14. c3 Rad8 15. Qc2 Nfd7 16. Rd1 Nxe5 17. Bxe5 Rxd1+ 18. Qxd1 Rd8 19. Qc2 Nd3+ 20. Bxd3 exd3 21. Qa4 Bxc4 22. Bxg7 b5 23. Qxa7 Kxg7 24. 0-0 d2 25. Rd1 Be2 26. Rxd2 Rxd2 27. g3 Rd1+ 28. Kg2 Qe4+ 0-1

[Event "Frankfurt-ch"]
[Site "Frankfurt"]
[Date "2010.04.26"]
[Round "1"]
[White "Hillgaertner, Walter"]
[Black "Paulicks, Frank"]
[Result "1/2-1/2"]
[WhiteElo "1946"]
[BlackElo "1088"]
[PlyCount "104"]
[EventDate "2010.04.26"]
[EventType "swiss"]
[EventRounds "7"]
[EventCountry "GER"]
[SourceTitle "EXT 2011"]
[Source "ChessBase"]
[SourceDate "2010.11.26"]
[SourceVersion "1"]
[SourceVersionDate "2010.11.26"]
[SourceQuality "1"]

1. Nf3 c5 2. g3 Nc6 3. Bg2 g6 4. 0-0 Bg7 5. e4 e5 6. d3 Nge7 7. Nc3 0-0 8. Bg5 h6 9. Be3 d6 10. Qd2 g5 11. h4 f6 12. hxg5 fxg5 13. Nh2 Nd4 14. Ne2 Nxe2+ 15. Qxe2 Ng6 16. c3 Be6 17. b4 b6 18. a4 a5 19. b5 Rc8 20. c4 Qd7 21. f3 Rf7 22. Rf2 Rcf8 23. Raf1 Qe7 24. Qc2 Bh8 25. Qc1 Rf6 26. Bd2 Qe8 27. Qe1 R8f7 28. Ng4 Bxg4 29. fxg4 Rxf2 30. Rxf2 Qd7 31. Rf5 Ne7 32. Rxf7 Kxf7 33. Bf3 Kg6 34. Kg2 Ng8 35. Bd1 Nf6 36. Qe3 Bg7 37. Qf3 Kf7 38. Be2 Ke7 39. Kf2 Qe8 40. Ke1 Qf8 41. Qf5 Nd7 42. Bf3 Qf7 43. Ke2 Qe6 44. Kd1 Qf6 45. Be2 Bf8 46. Be3 Qg7 47. Kc2 Qf6 48. Bd2 Bg7 49. Be3 Qe6 50. Qh7 Qf6 51. Qg8 Qf8 52. Qd5 Qc8 1/2-1/2

[Event "Frankfurt-ch"]
[Site "Frankfurt"]
[Date "2009.05.18"]
[Round "4"]
[White "Sallwey, Rainer"]
[Black "Paulicks, Frank"]
[Result "1-0"]
[WhiteElo "1570"]
[BlackElo "1083"]
[PlyCount "89"]
[EventDate "2009.04.27"]
[EventType "tourn"]
[EventRounds "7"]
[EventCountry "GER"]
[SourceTitle "EXT 2010"]
[Source "ChessBase"]
[SourceDate "2010.11.25"]
[SourceVersion "1"]
[SourceVersionDate "2010.11.25"]
[SourceQuality "1"]

1. d4 c5 2. d5 Nf6 3. c4 e6 4. Nc3 exd5 5. cxd5 g6 6. Nf3 d6 7. g3 Bg7 8. Bg2 0-0 9. 0-0 Re8 10. Nd2 Na6 11. Nc4 b5 12. Nxb5 Bf8 13. Bf4 Qe7 14. Nbxd6 Rd8 15. Nxc8 Raxc8 16. d6 Qe6 17. Qa4 Qxe2 18. Rfe1 Qh5 19. Qxa6 Nd5 20. Bd2 Bg7 21. Ba5 Nb4 22. Qxa7 Nc2 23. Bxd8 Nxa1 24. Rxa1 Rxd8 25. Qe7 Rb8 26. d7 Bf8 27. d8Q Rxd8 28. Qxd8 Kg7 29. a4 Qe2 30. Qd5 Qc2 31. Qe5+ Kg8 32. Qc3 Qf5 33. a5 Bg7 34. Qb3 Bd4 35. Rf1 h5 36. Nd6 Qf6 37. Qxf7+ Qxf7 38. Nxf7 Kxf7 39. b3 Ke7 40. a6 c4 41. bxc4 Ba7 42. Rb1 Kd6 43. Rb7 Kc5 44. Rxa7 Kb6 45. Ra8 1-0